| 000 | 00000nas##2200000za#4500 |
| 001 | 9.506812 |
| 003 | CaOODSP |
| 005 | 20200331213135 |
| 007 | cr ||||||||||| |
| 008 | 150406c2001||||xxc|| p o||||f| |0eng|d |
| 040 | |aCaOODSP|beng |
| 043 | |an-cn--- |
| 086 | 1 |aTT2-1E-pdf |
| 110 | 2 |aCanadian Transportation Agency. |
| 245 | 14|aThe Air Travel Complaints Commissioner's report |h[electronic resource] |
| 246 | 1 |iVariant title : |aAir Travel Complaints Commissioner report |
| 260 | |aOttawa - Ontario : |bCanadian Transportation Agency |
| 310 | |aSemi-annual |
| 362 | 1 |a[Jan. 1, 2001/June 30, 2001-July 1/Dec. 31, 2003] |
| 690 | 07|aAviation|2gcpds |
| 690 | 07|aComplaints|2gcpds |
| 775 | 08|tRapport du commissaire aux plaintes relatives au transport aérien.|w(CaOODSP)9.503207 |
| 780 | 00|tThe report of the Air Travel Complaints Commissioner |w(CaOODSP)9.506810 |
| 785 | 00|tAir travel complaints report |w(CaOODSP)9.506834 |